| 000 | 01071nam a22003970a 4500 | ||
|---|---|---|---|
| 001 | PT56408 | ||
| 003 | AR-LpoUNG | ||
| 005 | 20260120145316.0 | ||
| 008 | 201001s2015||||ag |||||||||||||||||spa d | ||
| 020 |
_a9789876302005 _c$1,80 |
||
| 040 |
_aAR-LpoUNG _bspa _eaacr |
||
| 041 | _aspa | ||
| 044 | _aag | ||
| 082 | 0 | _a982.04 355cau | |
| 100 | 1 |
_aSchmit, Roberto _ecomp. |
|
| 245 | 1 | 0 | _aCaudillos, política e instituciones en los orígenes de la Nación Argentina |
| 250 | _a1ra. ed. | ||
| 260 |
_aLos Polvorines : _bUniversidad Nacional de General Sarmiento, _c2015. |
||
| 300 |
_a235 p. : _btbls., mapas |
||
| 490 | 0 | _aHumanidades | |
| 650 | 4 | _aAMBIENTE RURAL | |
| 650 | 4 | _aASPECTOS ECONOMICOS | |
| 650 | 4 | _aASPECTOS FINANCIEROS | |
| 650 | 4 | _aCOLONIALISMO | |
| 650 | 4 | _aESTADO | |
| 650 | 4 | _aGUERRA | |
| 650 | 4 | _aHISTORIA | |
| 650 | 4 | _aHISTORIA POLITICA | |
| 650 | 4 | _aMARCO INSTITUCIONAL | |
| 650 | 4 | _aPODER POLITICO | |
| 650 | 4 | _aPROPIEDAD PRIVADA | |
| 650 | 4 | _aSOCIEDAD | |
| 651 | 4 | _aArgentina | |
| 905 | _a56408 | ||
| 942 |
_cLIB _2ddc |
||
| 999 |
_c51372 _d51372 |
||